| 000 | 00867cam a2200205 4500 | ||
|---|---|---|---|
| 001 | WB3647-30 | ||
| 008 | 000000n2000 000 0 eng u | ||
| 035 | _a(Sirsi) u109589 | ||
| 245 | _aCountryside lobby praises 'ambitious proposals' | ||
| 260 | _c2000 | ||
| 490 |
_aFinancial Times _v 29 November 2000, 4(1) |
||
| 520 | _aDescribes how the rural white paper on improving rural life has been met with approval by countryside groups. The paper includes proposals to double specified rural spending and plans to commit £1bn to farming and rural programmes over the next 3 years. "Our Countryside: the Future" available from the Stationery Office, £28. www.detr.gov.uk | ||
| 590 | _aWB | ||
| 650 | _aRURAL COMMUNITIES | ||
| 650 | _aRURAL REGENERATION | ||
| 650 | _aRURAL WHITE PAPER | ||
| 650 | _aRURAL DEPRIVATION | ||
| 690 |
_aRural _96268 |
||
| 942 | _n0 | ||
| 999 |
_c65421 _d65421 |
||